[Event "Calgary int qual"]
[Site "Calgary"]
[Date "2017.06.09"]
[Round "1.4"]
[White "Husain, Ali"]
[Black "Nguyen, Kim"]
[Result "0-1"]
[WhiteElo "1837"]
[BlackElo "2127"]
[PlyCount "84"]
[EventDate "2017.06.??"]
[EventType "swiss"]
[EventRounds "5"]
[EventCountry "CAN"]
[SourceTitle "EXT 2022"]
[Source "ChessBase"]
[SourceDate "2021.10.06"]
[SourceVersion "1"]
[SourceVersionDate "2021.10.06"]
[SourceQuality "1"]

1. e4 c6 2. d4 d5 3. Nc3 dxe4 4. Nxe4 Nd7 5. Nf3 Ngf6 6. Nxf6+ Nxf6 7. Bc4 Bf5 8. 0-0 e6 9. Re1 Qc7 10. Be3 Bd6 11. h3 Nd5 12. Bd2 0-0-0 13. a4 h6 14. Qe2 g5 15. Bd3 g4 16. Bxf5 gxf3 17. Bxe6+ fxe6 18. Qxe6+ Kb8 19. g4 Bf4 20. Be3 Bxe3 21. Rxe3 Nxe3 22. Qxe3 h5 23. g5 h4 24. Re1 Rhg8 25. Qxf3 Rxg5+ 26. Kf1 Rdg8 27. Re4 Qd6 28. c3 Rf8 29. Qe3 Rgf5 30. Re8+ Rxe8 31. Qxe8+ Kc7 32. Qe4 Qf6 33. Qe2 Qg5 34. Qc2 Qf4 35. Qe2 Qc1+ 36. Kg2 Rg5+ 37. Kf3 Rf5+ 38. Kg2 Qg5+ 39. Kf1 Rf7 40. Qe4 Qg3 41. Qe2 Qxh3+ 42. Ke1 Qf5 0-1